[Event "Mittelfranken-chTB2b 1112"]
[Site "Germany"]
[Date "2011.12.11"]
[Round "4.4"]
[White "Cipra, Lothar"]
[Black "Breitenbach, Albert"]
[Result "1/2-1/2"]
[WhiteElo "1987"]
[BlackElo "1746"]
[PlyCount "72"]
[EventDate "2011.09.25"]
[EventType "team-tourn"]
[EventRounds "9"]
[EventCountry "GER"]
[SourceTitle "EXT 2013"]
[Source "ChessBase"]
[SourceDate "2012.11.22"]
[SourceVersion "1"]
[SourceVersionDate "2012.11.22"]
[SourceQuality "1"]
[WhiteTeam "Schwanstetten"]
[BlackTeam "Lauf II"]
[WhiteTeamCountry "GER"]
[BlackTeamCountry "GER"]

1. d4 d5 2. c4 e6 3. Nf3 Nf6 4. Nc3 c6 5. e3 Be7 6. Bd3 dxc4 7. Bxc4 b5 8. Bd3 Bb7 9. 0-0 0-0 10. Qc2 a6 11. a3 c5 12. dxc5 Bxc5 13. Ng5 h6 14. Nge4 Be7 15. Nxf6+ Bxf6 16. Ne4 Qe7 17. Nxf6+ gxf6 18. Qe2 f5 19. e4 Qh4 20. exf5 Nc6 21. Qe4 Qxe4 22. Bxe4 exf5 23. Bxf5 Nd4 24. Bd3 Rfd8 25. Bxh6 Nf3+ 26. gxf3 Rxd3 27. Rfe1 Kh7 28. Bf4 Bxf3 29. Re3 Rad8 30. Rae1 Rd1 31. h3 Rxe1+ 32. Rxe1 Rg8+ 33. Bg3 Rd8 34. h4 Kg6 35. Kh2 Rd2 36. Be5 Rxf2+ 1/2-1/2

[Event "Mittelfranken-chTB2b 0809"]
[Site "Mittelfranken"]
[Date "2009.03.08"]
[Round "7.1"]
[White "Muenster, Erich"]
[Black "Breitenbach, Albert"]
[Result "1/2-1/2"]
[WhiteElo "2072"]
[BlackElo "1780"]
[PlyCount "47"]
[EventDate "2008.10.12"]
[EventType "team"]
[EventRounds "9"]
[EventCountry "GER"]
[SourceTitle "EXT 2011"]
[Source "ChessBase"]
[SourceDate "2010.11.26"]
[SourceVersion "1"]
[SourceVersionDate "2010.11.26"]
[SourceQuality "1"]
[WhiteTeam "Heilsbronn"]
[BlackTeam "Lauf II"]
[WhiteTeamCountry "GER"]
[BlackTeamCountry "GER"]

1. e4 c6 2. c4 d5 3. exd5 cxd5 4. d4 Nf6 5. Nc3 Nc6 6. Bg5 e6 7. cxd5 exd5 8. Bb5 Be7 9. Nge2 0-0 10. 0-0 h6 11. Bh4 Bf5 12. a3 Ne4 13. Bxe7 Nxe7 14. Bd3 Re8 15. Qc2 Rc8 16. Rad1 a6 17. Qb1 Nc6 18. Ng3 Nxg3 19. fxg3 Bxd3 20. Qxd3 Rc7 21. Qf5 Rd7 22. Rf4 Re6 23. Rdf1 Rf6 24. Qd3 1/2-1/2

[Event "Mittelfranken-chTB2b 0809"]
[Site "Mittelfranken"]
[Date "2009.02.08"]
[Round "6.3"]
[White "Breitenbach, Albert"]
[Black "Classen, Andrej"]
[Result "1-0"]
[WhiteElo "1780"]
[BlackElo "1770"]
[PlyCount "50"]
[EventDate "2008.10.12"]
[EventType "team"]
[EventRounds "9"]
[EventCountry "GER"]
[SourceTitle "EXT 2011"]
[Source "ChessBase"]
[SourceDate "2010.11.26"]
[SourceVersion "1"]
[SourceVersionDate "2010.11.26"]
[SourceQuality "1"]
[WhiteTeam "Lauf II"]
[BlackTeam "Buechenbach/Roth II"]
[WhiteTeamCountry "GER"]
[BlackTeamCountry "GER"]

1. e4 Nf6 2. Nc3 d5 3. exd5 Nxd5 4. Bc4 Be6 5. Nxd5 Bxd5 6. Bxd5 Qxd5 7. Nf3 Nc6 8. 0-0 0-0-0 9. d3 e5 10. Qe2 f6 11. Be3 g5 12. Rfd1 Be7 13. a3 a6 14. b4 Qe6 15. Rab1 g4 16. Nd2 Nd4 17. Bxd4 Rxd4 18. c3 Rdd8 19. d4 h5 20. b5 a5 21. Nc4 b6 22. dxe5 Rxd1+ 23. Rxd1 fxe5 24. Qe4 Kb8 25. Nxe5 Qb3 1-0

[Event "Mittelfrankenliga-B2a 0708"]
[Site "Mittelfranken"]
[Date "2008.03.02"]
[Round "7.6"]
[White "Breitenbach, Albert"]
[Black "Balhar, Rudolf"]
[Result "1-0"]
[WhiteElo "1772"]
[BlackElo "1843"]
[PlyCount "61"]
[EventDate "2007.10.14"]
[EventType "team-tourn"]
[EventRounds "9"]
[EventCountry "GER"]
[SourceTitle "EXT 2011"]
[Source "ChessBase"]
[SourceDate "2010.11.26"]
[SourceVersion "1"]
[SourceVersionDate "2010.11.26"]
[SourceQuality "1"]
[WhiteTeam "Lauf"]
[BlackTeam "Erlangen Siemens"]
[WhiteTeamCountry "GER"]
[BlackTeamCountry "GER"]

1. e4 e5 2. Nc3 Nf6 3. f4 d5 4. fxe5 Nxe4 5. Nf3 Be7 6. d4 Bg4 7. Qd3 Bb4 8. Be2 0-0 9. 0-0 Bxc3 10. bxc3 Nd7 11. c4 c6 12. cxd5 cxd5 13. c4 Nb6 14. cxd5 Qxd5 15. Bd1 Nc5 16. Qe3 Ne6 17. Bb3 Nc4 18. Qd3 b5 19. Be3 Nc5 20. Qe2 Nxb3 21. axb3 Nb6 22. Qd3 f6 23. Rac1 Nd7 24. exf6 Rxf6 25. Ng5 Bf5 26. Qd1 h6 27. Nf3 Be4 28. Rc7 Raf8 29. Rxa7 Bxf3 30. gxf3 Qxb3 31. Qxb3+ 1-0

[Event "Mittelfrankenliga-B2a 0607"]
[Site "Mittelfranken"]
[Date "2007.05.06"]
[Round "9.4"]
[White "Staehle, Philipp"]
[Black "Breitenbach, Albert"]
[Result "1/2-1/2"]
[WhiteElo "1760"]
[BlackElo "1814"]
[PlyCount "24"]
[EventDate "2006.10.22"]
[EventType "team-tourn"]
[EventRounds "9"]
[EventCountry "GER"]
[SourceTitle "EXT 2011"]
[Source "ChessBase"]
[SourceDate "2010.11.26"]
[SourceVersion "1"]
[SourceVersionDate "2010.11.26"]
[SourceQuality "1"]
[WhiteTeam "Erlangen SC II"]
[BlackTeam "Lauf"]
[WhiteTeamCountry "GER"]
[BlackTeamCountry "GER"]

1. e4 c6 2. Nf3 d5 3. exd5 cxd5 4. d4 Bg4 5. Be2 Nf6 6. h3 Bh5 7. 0-0 e6 8. c3 Bd6 9. Bg5 Nbd7 10. Nbd2 0-0 11. Re1 h6 12. Bh4 Qc7 1/2-1/2

[Event "Mittelfrankenliga-B2a 0607"]
[Site "Mittelfranken"]
[Date "2007.02.11"]
[Round "6.4"]
[White "Breitenbach, Albert"]
[Black "Endres, Christian"]
[Result "1/2-1/2"]
[WhiteElo "1814"]
[BlackElo "1866"]
[PlyCount "67"]
[EventDate "2006.10.22"]
[EventType "team-tourn"]
[EventRounds "9"]
[EventCountry "GER"]
[SourceTitle "EXT 2011"]
[Source "ChessBase"]
[SourceDate "2010.11.26"]
[SourceVersion "1"]
[SourceVersionDate "2010.11.26"]
[SourceQuality "1"]
[WhiteTeam "Lauf"]
[BlackTeam "Altensittenbach II"]
[WhiteTeamCountry "GER"]
[BlackTeamCountry "GER"]

1. e4 c5 2. Nc3 Nc6 3. g3 g6 4. Bg2 Bg7 5. f4 e6 6. Nf3 Nge7 7. 0-0 d6 8. d3 0-0 9. Be3 b5 10. e5 Nd5 11. Bf2 Nxc3 12. bxc3 Rb8 13. Nd2 Bb7 14. Ne4 dxe5 15. Bxc5 Ne7 16. fxe5 Bxe5 17. d4 Bg7 18. Bxa7 Ra8 19. Bc5 Bd5 20. a3 h6 21. Qd2 f5 22. Nd6 Bxg2 23. Qxg2 e5 24. dxe5 Bxe5 25. Nxb5 Rf7 26. Rfe1 Bf6 27. Nd4 Rc8 28. Bxe7 Rxe7 29. Rxe7 Qxe7 30. Qd5+ Kh7 31. Rb1 Rxc3 32. Rd1 Bxd4+ 33. Qxd4 Rxa3 34. Qd7 1/2-1/2

[Event "Mittelfrankenliga-B2a 0506"]
[Site "Germany"]
[Date "2006.01.15"]
[Round "4.7"]
[White "Breitenbach, Albert"]
[Black "Zimmer, Frank"]
[Result "1/2-1/2"]
[WhiteElo "1804"]
[BlackElo "1807"]
[PlyCount "59"]
[EventDate "2005.10.16"]
[EventType "team"]
[EventRounds "9"]
[EventCountry "GER"]
[SourceTitle "EXT 2007"]
[Source "ChessBase"]
[SourceDate "2006.11.23"]
[SourceVersion "1"]
[SourceVersionDate "2006.11.23"]
[SourceQuality "1"]

1. e4 Nf6 2. Nc3 d5 3. exd5 Nxd5 4. Nf3 Nxc3 5. bxc3 Bg4 6. Be2 c5 7. d4 e6 8. 0-0 Nc6 9. Re1 Be7 10. Bb2 0-0 11. Rb1 Qa5 12. Qc1 b5 13. Qf4 Bf5 14. d5 Nd8 15. Bd3 Bxd3 16. cxd3 Bf6 17. c4 Bxb2 18. Rxb2 exd5 19. Rxb5 Qxa2 20. Ng5 h6 21. Nf3 Ne6 22. Qc1 dxc4 23. dxc4 Rab8 24. Ne5 Rxb5 25. cxb5 Qb3 26. Qa1 Qxb5 27. Qxa7 Qb8 28. Qe7 Qc7 29. Qxc7 Nxc7 30. Nd7 1/2-1/2

[Event "Mittelfrankenliga-B2a 0506"]
[Site "Germany"]
[Date "2005.10.16"]
[Round "1.7"]
[White "Breitenbach, Albert"]
[Black "Pidtoptanyy, Igor"]
[Result "0-1"]
[WhiteElo "1804"]
[BlackElo "1871"]
[PlyCount "86"]
[EventDate "2005.10.16"]
[EventType "team"]
[EventRounds "9"]
[EventCountry "GER"]
[SourceTitle "EXT 2007"]
[Source "ChessBase"]
[SourceDate "2006.11.23"]
[SourceVersion "1"]
[SourceVersionDate "2006.11.23"]
[SourceQuality "1"]

1. e4 e5 2. Nc3 Nf6 3. f4 d6 4. Nf3 Be7 5. fxe5 dxe5 6. Nxe5 0-0 7. d4 Bb4 8. Qd3 c5 9. Be3 Qe7 10. Be2 c4 11. Nxc4 Nxe4 12. 0-0 Bxc3 13. bxc3 Nc6 14. Rab1 Nd6 15. Nxd6 Qxd6 16. d5 Ne7 17. c4 Bf5 18. Rxf5 Nxf5 19. Qxf5 Rae8 20. Rb3 b6 21. Bf3 Re5 22. Qf4 Rfe8 23. Qd4 h5 24. Bf4 Re1+ 25. Kf2 Qg6 26. Qd3 Qf6 27. Bd2 Qh4+ 28. g3 Qxh2+ 29. Bg2 R1e2+ 30. Qxe2 Rxe2+ 31. Kxe2 Qxg2+ 32. Ke1 Qe4+ 33. Re3 Qxc4 34. Re8+ Kh7 35. d6 Qd5 36. Bf4 g5 37. Be5 f6 38. c4 Qe4+ 39. Kd2 fxe5 40. Re7+ Kg6 41. d7 Qd4+ 42. Kc2 Qxc4+ 43. Kb2 Qb4+ 0-1

[Event "Mittelfranken-chT 0405"]
[Site "Germany"]
[Date "2004.12.05"]
[Round "3.3"]
[White "Breitenbach, Albert"]
[Black "Simon, Martin"]
[Result "1/2-1/2"]
[WhiteElo "1827"]
[BlackElo "1894"]
[PlyCount "39"]
[EventDate "2004.10.17"]
[EventType "team"]
[EventRounds "9"]
[EventCountry "GER"]
[SourceTitle "EXT 2007"]
[Source "ChessBase"]
[SourceDate "2006.11.23"]
[SourceVersion "1"]
[SourceVersionDate "2006.11.23"]
[SourceQuality "1"]

1. e4 e5 2. Nf3 Nc6 3. d4 exd4 4. Bc4 Bc5 5. c3 dxc3 6. Bxf7+ Kxf7 7. Qd5+ Kf8 8. Qxc5+ Qe7 9. Qxe7+ Ngxe7 10. Nxc3 a6 11. Bf4 d6 12. 0-0-0 Bg4 13. Nd5 Nxd5 14. Rxd5 Be6 15. Rd2 Bxa2 16. e5 dxe5 17. Nxe5 Nxe5 18. Bxe5 Be6 19. Re1 Kf7 20. Bxc7 1/2-1/2

[Event "Mittelfranken-chT 0405"]
[Site "Germany"]
[Date "2004.10.17"]
[Round "1.3"]
[White "Fischer, Juergen"]
[Black "Breitenbach, Albert"]
[Result "0-1"]
[WhiteElo "1936"]
[BlackElo "1827"]
[PlyCount "92"]
[EventDate "2004.10.17"]
[EventType "team"]
[EventRounds "9"]
[EventCountry "GER"]
[SourceTitle "EXT 2007"]
[Source "ChessBase"]
[SourceDate "2006.11.23"]
[SourceVersion "1"]
[SourceVersionDate "2006.11.23"]
[SourceQuality "1"]

1. e4 c6 2. d4 d5 3. Nc3 dxe4 4. Nxe4 Nf6 5. Nxf6+ gxf6 6. Bf4 Bf5 7. c3 e6 8. Nf3 Bd6 9. Qd2 Bxf4 10. Qxf4 Nd7 11. g4 Bg6 12. h4 h5 13. g5 Qb6 14. 0-0-0 Qa5 15. a3 Qd5 16. c4 Qe4 17. Qxe4 Bxe4 18. Rh3 Ke7 19. gxf6+ Nxf6 20. Ng5 Bf5 21. Rg3 Rag8 22. Bd3 Bxd3 23. Rgxd3 Rd8 24. Rf3 Rhf8 25. Kc2 Ng4 26. Nh3 Nh6 27. Kc3 Nf5 28. Rf4 Rg8 29. Re1 Kd6 30. Ng5 Rd7 31. Ne4+ Kc7 32. Nf6 Rg2 33. Nxd7 Kxd7 34. Re5 Rh2 35. d5 cxd5 36. cxd5 Kd6 37. Rexf5 exf5 38. Kd4 b5 39. Rxf5 Rxh4+ 40. f4 Rh1 41. Rf6+ Ke7 42. Ra6 h4 43. Rxa7+ Kf6 44. Ra6+ Kg7 45. Ke4 h3 46. Kf3 Rg1 0-1

[Event "Mittelfranken-ch HT 53rd"]
[Site "Lauf"]
[Date "2004.04.08"]
[Round "6"]
[White "Weinmann, Stefan"]
[Black "Breitenbach, Albert"]
[Result "1-0"]
[WhiteElo "1946"]
[BlackElo "1792"]
[PlyCount "67"]
[EventDate "2004.04.06"]
[EventType "swiss"]
[EventRounds "9"]
[EventCountry "GER"]
[SourceTitle "EXT 2011"]
[Source "ChessBase"]
[SourceDate "2010.11.26"]
[SourceVersion "1"]
[SourceVersionDate "2010.11.26"]
[SourceQuality "1"]

1. d4 Nf6 2. c4 g6 3. Nc3 d5 4. cxd5 Nxd5 5. e4 Nxc3 6. bxc3 Bg7 7. Bc4 0-0 8. Ne2 c5 9. Be3 Qa5 10. 0-0 Nc6 11. Rb1 a6 12. h4 Rd8 13. Qb3 e6 14. Rfd1 Bd7 15. Bg5 Nxd4 16. Bxd8 Nxb3 17. Bxa5 Nxa5 18. Rxd7 Nxc4 19. Rdxb7 Be5 20. f4 Bd6 21. e5 Bf8 22. Rb8 Ra7 23. R1b7 Rxb7 24. Rxb7 Bh6 25. Ra7 a5 26. Rc7 Kg7 27. Rc8 Nb6 28. Rxc5 Na4 29. Rxa5 Nb6 30. Kf2 g5 31. g3 gxf4 32. Nxf4 Nc4 33. Rc5 Nd2 34. Rc7 1-0

[Event "Mittelfranken-ch HT 53rd"]
[Site "Lauf"]
[Date "2004.04.07"]
[Round "4"]
[White "Kaiser, Harald"]
[Black "Breitenbach, Albert"]
[Result "1/2-1/2"]
[WhiteElo "1889"]
[BlackElo "1792"]
[PlyCount "33"]
[EventDate "2004.04.06"]
[EventType "swiss"]
[EventRounds "9"]
[EventCountry "GER"]
[SourceTitle "EXT 2011"]
[Source "ChessBase"]
[SourceDate "2010.11.26"]
[SourceVersion "1"]
[SourceVersionDate "2010.11.26"]
[SourceQuality "1"]

1. e4 c6 2. d4 d5 3. exd5 cxd5 4. c4 Nf6 5. Nc3 Nc6 6. Bg5 Be6 7. Nge2 dxc4 8. Nf4 Nxd4 9. Nxe6 Nxe6 10. Bxf6 Qxd1+ 11. Rxd1 exf6 12. Bxc4 Bb4 13. Bb5+ Kf8 14. 0-0 Bxc3 15. bxc3 a6 16. Bc4 Ke7 17. Bd5 1/2-1/2

[Event "Mittelfranken-ch HT 53rd"]
[Site "Lauf"]
[Date "2004.04.06"]
[Round "2"]
[White "Breitenbach, Albert"]
[Black "Luther, Helmut"]
[Result "1-0"]
[WhiteElo "1792"]
[BlackElo "1892"]
[PlyCount "76"]
[EventDate "2004.04.06"]
[EventType "swiss"]
[EventRounds "9"]
[EventCountry "GER"]
[SourceTitle "EXT 2011"]
[Source "ChessBase"]
[SourceDate "2010.11.26"]
[SourceVersion "1"]
[SourceVersionDate "2010.11.26"]
[SourceQuality "1"]

1. e4 d5 2. exd5 Qxd5 3. Nc3 Qa5 4. d4 c6 5. Nf3 Nf6 6. Bd2 Bf5 7. Bc4 e6 8. Ne4 Qc7 9. Ng3 Bg6 10. Bc3 Nbd7 11. Qe2 Be7 12. 0-0 Nd5 13. Rfe1 h5 14. Ne5 Nxe5 15. Bxd5 Ng4 16. Bxe6 fxe6 17. Qxe6 Bf7 18. Qf5 g6 19. Qg5 Kd8 20. Qd2 Re8 21. h3 Nf6 22. d5 Nxd5 23. Be5 Qd7 24. Rad1 Kc8 25. a3 Bf6 26. Qd4 Rxe5 27. Rxe5 Bxe5 28. Qxe5 Qe6 29. Qg5 b6 30. c4 Ne7 31. b3 Kb7 32. Ne4 Nf5 33. Re1 Kc7 34. Kf1 Re8 35. Qf4+ Nd6 36. Rd1 Rd8 37. c5 Kb7 38. Rxd6 Rxd6 1-0

[Event "Mittelfranken-ch HT 51st"]
[Site "Zirndorf"]
[Date "2002.??.??"]
[Round "9"]
[White "Bachstein, Dustin"]
[Black "Breitenbach, Albert"]
[Result "1-0"]
[WhiteElo "1926"]
[BlackElo "1824"]
[PlyCount "97"]
[EventDate "2002.03.26"]
[EventType "swiss"]
[EventRounds "9"]
[EventCountry "GER"]
[SourceTitle "EXT 2011"]
[Source "ChessBase"]
[SourceDate "2010.11.26"]
[SourceVersion "1"]
[SourceVersionDate "2010.11.26"]
[SourceQuality "1"]

1. e4 c6 2. d4 d5 3. Nc3 dxe4 4. Nxe4 Nf6 5. Nxf6+ gxf6 6. Bf4 Bf5 7. Bd3 Nd7 8. Nf3 Bxd3 9. Qxd3 e6 10. 0-0 Nb6 11. Rfe1 Nd5 12. Bg3 Bd6 13. a3 Qc7 14. c4 Nf4 15. Qd2 Ng6 16. Rac1 0-0-0 17. Bxd6 Qxd6 18. Qa5 Nf4 19. Rc3 Rhg8 20. g3 Kb8 21. b4 h5 22. Kf1 Nh3 23. Qxh5 Ng5 24. Nxg5 Rxg5 25. Qxf7 Qxd4 26. Rce3 Qxc4+ 27. Kg1 f5 28. Rxe6 f4 29. Re7 Qxf7 30. Rxf7 fxg3 31. hxg3 a5 32. Ree7 Rb5 33. bxa5 Ka7 34. f4 Rd2 35. Re1 Rbb2 36. Rh7 Rg2+ 37. Kh1 Rxg3 38. Rf1 Rbb3 39. Rh2 Rgf3 40. Rhf2 Rh3+ 41. Kg1 Rxa3 42. f5 Rxa5 43. f6 Rg5+ 44. Rg2 Rxg2+ 45. Kxg2 Rh8 46. Kg3 Kb8 47. Kf4 Kc7 48. Kf5 Kd7 49. Kg6 1-0

[Event "Mittelfranken-ch HT 51st"]
[Site "Zirndorf"]
[Date "2002.??.??"]
[Round "3"]
[White "Breitenbach, Albert"]
[Black "Thuerauf, Peter"]
[Result "1-0"]
[WhiteElo "1824"]
[BlackElo "1926"]
[PlyCount "59"]
[EventDate "2002.03.26"]
[EventType "swiss"]
[EventRounds "9"]
[EventCountry "GER"]
[SourceTitle "EXT 2011"]
[Source "ChessBase"]
[SourceDate "2010.11.26"]
[SourceVersion "1"]
[SourceVersionDate "2010.11.26"]
[SourceQuality "1"]

1. e4 c5 2. Nc3 Nc6 3. f4 e6 4. Nf3 d5 5. exd5 exd5 6. d4 Nf6 7. Be3 Bg4 8. Be2 Bxf3 9. Bxf3 Qe7 10. Kf2 cxd4 11. Bxd4 Ne4+ 12. Nxe4 dxe4 13. Bxe4 0-0-0 14. Bxc6 bxc6 15. Qg4+ Kb7 16. Rad1 Qb4 17. a3 Qc4 18. c3 Bd6 19. Rhe1 Rhg8 20. b3 Qb5 21. a4 Qa5 22. b4 Qc7 23. g3 f6 24. a5 g5 25. f5 h5 26. Qf3 h4 27. Bxf6 hxg3+ 28. hxg3 Rdf8 29. Re6 g4 30. Qd3 1-0

[Event "Mittelfranken-ch HT 51st"]
[Site "Zirndorf"]
[Date "2002.??.??"]
[Round "7"]
[White "Kirbach, Thomas"]
[Black "Breitenbach, Albert"]
[Result "0-1"]
[WhiteElo "1946"]
[BlackElo "1824"]
[PlyCount "64"]
[EventDate "2002.03.26"]
[EventType "swiss"]
[EventRounds "9"]
[EventCountry "GER"]
[SourceTitle "EXT 2011"]
[Source "ChessBase"]
[SourceDate "2010.11.26"]
[SourceVersion "1"]
[SourceVersionDate "2010.11.26"]
[SourceQuality "1"]

1. d4 Nf6 2. Nf3 g6 3. c4 Bg7 4. Nc3 d5 5. cxd5 Nxd5 6. e4 Nxc3 7. bxc3 0-0 8. h3 c5 9. Bc4 Nc6 10. Be3 Qc7 11. Rc1 Rd8 12. 0-0 a6 13. d5 b5 14. Bd3 c4 15. Bb1 e6 16. Qd2 exd5 17. exd5 Ne7 18. Bf4 Qc5 19. d6 Bf5 20. Nd4 Rxd6 21. Bxd6 Qxd6 22. Rfd1 Bxb1 23. Rxb1 Rd8 24. Qe1 Nd5 25. Nxb5 axb5 26. Rxb5 Qc6 27. a4 Re8 28. Qxe8+ Qxe8 29. Rbxd5 Qxa4 30. Rb1 Bxc3 31. g4 Bb2 32. g5 c3 0-1

[Event "Mittelfranken-ch HT 51st"]
[Site "Zirndorf"]
[Date "2002.??.??"]
[Round "1"]
[White "Koepf, Reinhard"]
[Black "Breitenbach, Albert"]
[Result "1-0"]
[WhiteElo "2072"]
[BlackElo "1824"]
[PlyCount "71"]
[EventDate "2002.03.26"]
[EventType "swiss"]
[EventRounds "9"]
[EventCountry "GER"]
[SourceTitle "EXT 2011"]
[Source "ChessBase"]
[SourceDate "2010.11.26"]
[SourceVersion "1"]
[SourceVersionDate "2010.11.26"]
[SourceQuality "1"]

1. d4 Nf6 2. Nf3 g6 3. g3 Bg7 4. Bg2 0-0 5. 0-0 d5 6. c4 dxc4 7. Nc3 Nbd7 8. e4 c5 9. d5 Nb6 10. Be3 Bg4 11. Bxc5 Qc7 12. Be3 Rad8 13. Qc2 a6 14. Nd4 Rfe8 15. a4 Bc8 16. Ndb5 axb5 17. Nxb5 Qb8 18. Bxb6 Rd7 19. Qxc4 Rf8 20. f4 Ng4 21. h3 Nf6 22. Rac1 Nh5 23. Qb3 e6 24. d6 e5 25. f5 Bh6 26. Rc2 Ng7 27. Qd5 Qa8 28. b3 Qa6 29. a5 Rfd8 30. Bxd8 Rxd8 31. Rc7 Bd7 32. fxg6 Ne6 33. gxf7+ Kf8 34. Rxd7 Rxd7 35. Qxe6 Be3+ 36. Kh1 1-0

[Event "Mittelfranken-ch HT 51st"]
[Site "Zirndorf"]
[Date "2002.??.??"]
[Round "2"]
[White "Zeltner, Ottmar"]
[Black "Breitenbach, Albert"]
[Result "1/2-1/2"]
[WhiteElo "1991"]
[BlackElo "1824"]
[PlyCount "44"]
[EventDate "2002.03.26"]
[EventType "swiss"]
[EventRounds "9"]
[EventCountry "GER"]
[SourceTitle "EXT 2011"]
[Source "ChessBase"]
[SourceDate "2010.11.26"]
[SourceVersion "1"]
[SourceVersionDate "2010.11.26"]
[SourceQuality "1"]

1. e4 c6 2. d4 d5 3. exd5 cxd5 4. Bd3 Nf6 5. c3 Bg4 6. Nf3 e6 7. Qa4+ Nbd7 8. Ne5 a6 9. Bg5 Bh5 10. Bxf6 gxf6 11. Nxd7 Qxd7 12. Qxd7+ Kxd7 13. Nd2 Bh6 14. Nf1 Bg6 15. Bxg6 hxg6 16. Ne3 f5 17. Ke2 Bf4 18. h4 b5 19. g3 Bd6 20. f4 f6 21. Kf3 Rac8 22. Rac1 Rh7 1/2-1/2

[Event "Nuremberg-ch op 01st"]
[Site "Nuremberg"]
[Date "2001.06.03"]
[Round "5"]
[White "Suess, Helmut"]
[Black "Breitenbach, Albert"]
[Result "0-1"]
[WhiteElo "1966"]
[BlackElo "1816"]
[PlyCount "52"]
[EventDate "2001.06.01"]
[EventType "swiss"]
[EventRounds "5"]
[EventCountry "GER"]
[SourceTitle "EXT 2003"]
[Source "ChessBase"]
[SourceDate "2002.11.25"]
[SourceVersion "1"]
[SourceVersionDate "2002.11.25"]
[SourceQuality "1"]

1. d4 Nf6 2. Bg5 Ne4 3. Bf4 g6 4. f3 Nf6 5. e4 Bg7 6. c4 c5 7. Ne2 cxd4 8. Nxd4 e5 9. Bxe5 Qa5+ 10. Nc3 Qxe5 11. Ndb5 0-0 12. Be2 Nc6 13. 0-0 a6 14. Nd6 Nd4 15. Nxc8 Raxc8 16. Kh1 Nxe2 17. Qxe2 Qc5 18. b3 Nh5 19. Rac1 Rfe8 20. Rfd1 Bh6 21. Rc2 Re5 22. Rd5 Rxd5 23. Nxd5 Nf4 24. Nf6+ Kg7 25. Nxd7 Nxe2 26. Nxc5 Nd4 0-1

[Event "Nuremberg-ch op 01st"]
[Site "Nuremberg"]
[Date "2001.06.03"]
[Round "1"]
[White "Tran, Phat"]
[Black "Breitenbach, Albert"]
[Result "1-0"]
[WhiteElo "2326"]
[BlackElo "1816"]
[PlyCount "77"]
[EventDate "2001.06.01"]
[EventType "swiss"]
[EventRounds "5"]
[EventCountry "GER"]
[SourceTitle "EXT 2003"]
[Source "ChessBase"]
[SourceDate "2002.11.25"]
[SourceVersion "1"]
[SourceVersionDate "2002.11.25"]
[SourceQuality "1"]

1. e4 c6 2. d4 d5 3. Nc3 dxe4 4. Nxe4 Nf6 5. Ng3 g6 6. Bc4 Bg7 7. Nf3 0-0 8. 0-0 Bg4 9. c3 Nbd7 10. h3 Bxf3 11. Qxf3 e5 12. Be3 Qc7 13. Rad1 Nb6 14. Bb3 Nfd5 15. dxe5 Bxe5 16. Bh6 Bg7 17. Bxg7 Kxg7 18. Ne4 Rae8 19. c4 Nf4 20. Nd6 Ne2+ 21. Kh1 c5 22. Nxe8+ Rxe8 23. Rfe1 Nd4 24. Qg3 Qc6 25. Rxe8 Qxe8 26. Qe3 Qc6 27. Qe5+ Kg8 28. Re1 Ne6 29. a3 a6 30. Ba2 Qd7 31. b4 Qd2 32. Qe2 Qg5 33. Qe3 Qxe3 34. Rxe3 Kg7 35. g3 Nd7 36. Bb1 b6 37. Be4 Ng5 38. h4 Ne6 39. Bd5 1-0

[Event "Mittelfranken-ch QT 50th"]
[Site "Buechenbach"]
[Date "2001.??.??"]
[Round "6"]
[White "Breitenbach, Albert"]
[Black "Wissmeier, Christoph"]
[Result "1-0"]
[WhiteElo "1816"]
[BlackElo "1730"]
[PlyCount "43"]
[EventDate "2001.04.11"]
[EventType "swiss"]
[EventRounds "7"]
[EventCountry "GER"]
[SourceTitle "EXT 2015"]
[Source "ChessBase"]
[SourceDate "2014.11.20"]
[SourceVersion "1"]
[SourceVersionDate "2014.11.20"]
[SourceQuality "1"]

1. e4 c5 2. d4 cxd4 3. c3 dxc3 4. Nxc3 e6 5. Nf3 d6 6. Bc4 Nc6 7. 0-0 Be7 8. Qe2 Nf6 9. Rd1 Nd7 10. Nb5 Nde5 11. Nxe5 Nxe5 12. Bf4 Nxc4 13. Qxc4 0-0 14. Bxd6 Bxd6 15. Rxd6 Qe7 16. Rad1 a6 17. Nc3 h6 18. e5 Rb8 19. Ne4 b5 20. Qd4 Ra8 21. Nf6+ Kh8 22. Qe4 1-0

[Event "Mittelfranken-ch QT 49th"]
[Site "Ansbach"]
[Date "2000.??.??"]
[Round "2"]
[White "Breitenbach, Albert"]
[Black "Hennemann, Herbert"]
[Result "1-0"]
[WhiteElo "1822"]
[BlackElo "1490"]
[PlyCount "51"]
[EventDate "2000.04.19"]
[EventType "swiss"]
[EventRounds "7"]
[EventCountry "GER"]
[SourceTitle "EXT 2015"]
[Source "ChessBase"]
[SourceDate "2014.11.20"]
[SourceVersion "1"]
[SourceVersionDate "2014.11.20"]
[SourceQuality "1"]

1. e4 c6 2. d4 d5 3. Nc3 dxe4 4. Nxe4 Bf5 5. Ng3 Bg6 6. Nf3 e6 7. Ne5 Ne7 8. Bc4 Nd7 9. Nxg6 Nxg6 10. 0-0 Be7 11. Re1 Qc7 12. h3 0-0-0 13. c3 Nb6 14. Bd3 Nd5 15. a4 Bd6 16. Ne4 Bh2+ 17. Kh1 Bf4 18. Nc5 e5 19. Ra3 Nge7 20. Rb3 exd4 21. Rxb7 Qxb7 22. Nxb7 Kxb7 23. Bxf4 Nxf4 24. Rxe7+ Ka8 25. Qb3 Rb8 26. Qxf7 1-0

[Event "Mittelfranken-ch QT 49th"]
[Site "Ansbach"]
[Date "2000.??.??"]
[Round "4"]
[White "Breitenbach, Albert"]
[Black "Stuermer, Martin"]
[Result "1/2-1/2"]
[WhiteElo "1822"]
[BlackElo "1887"]
[PlyCount "81"]
[EventDate "2000.04.19"]
[EventType "swiss"]
[EventRounds "7"]
[EventCountry "GER"]
[SourceTitle "EXT 2015"]
[Source "ChessBase"]
[SourceDate "2014.11.20"]
[SourceVersion "1"]
[SourceVersionDate "2014.11.20"]
[SourceQuality "1"]

1. e4 c5 2. Nf3 d6 3. d4 cxd4 4. Nxd4 Nf6 5. Nc3 a6 6. Be2 e6 7. 0-0 Be7 8. Be3 0-0 9. f4 Qc7 10. Bf3 Nc6 11. Qe1 Bd7 12. Rd1 Nxd4 13. Bxd4 Bc6 14. Qg3 Ne8 15. Kh1 Rd8 16. Be2 b5 17. a3 f5 18. e5 g6 19. h4 Kf7 20. h5 Rg8 21. hxg6+ hxg6 22. exd6 Bxd6 23. Qe3 Qe7 24. Kg1 Nf6 25. Bxf6 Kxf6 26. Rxd6 Qxd6 27. Rd1 Qc7 28. Re1 g5 29. Bh5 Qd6 30. Rd1 gxf4 31. Rxd6 fxe3 32. Rxc6 Rd2 33. g4 Ke5 34. Kf1 Rxc2 35. Bf7 Rxg4 36. Rxe6+ Kf4 37. Nd5+ Kg5 38. Nxe3 Rf4+ 39. Ke1 Rxb2 40. Rg6+ Kh4 41. Ng2+ 1/2-1/2